مكتبة جامعة عجلون الوطنية

فهرس بحث المكتبة

Normal view MARC view
  • التعليم الخاص-صعوبات التعلم

Entry Topical Term

Number of records used in: 1

001 - CONTROL NUMBER

  • control field: 27358

003 - CONTROL NUMBER IDENTIFIER

  • control field: JO-AjAnu

005 - DATE AND TIME OF LATEST TRANSACTION

  • control field: 20230606074641.0

008 - FIXED-LENGTH DATA ELEMENTS

  • fixed length control field: 230606|| aca||aabn | a|a d

040 ## - CATALOGING SOURCE

  • Original cataloging agency: JO-AjAnu
  • Transcribing agency: JO-AjAnu

150 ## - HEADING--TOPICAL TERM

  • Topical term or geographic name entry element: التعليم الخاص-صعوبات التعلم

670 ## - SOURCE DATA FOUND

  • Source citation: Work cat.: (JO-AjAnu)14050: البطاينة،أسامة أحمد تأليف/الرشدان،مالك أحمد م.مشارك/السبايلة،عبيد عبد الكريم م.مشارك/الخطاطبة،عبد المجيد محمد م/شارك, author 27357, صعوبات التعلم ،النظرية والممارسة= Learning Disabilities